00455 2200181 4500001002100000005001500021035002000036245004600056100001900102300003100121700001900152260003100171082000800202084001400210020001800224600001900242990001200261INLIS00000000000337520260309102707 a0010-03260000041 aKAMUS INDONESIA INGGRIS /cJohn M. Echols0 aJohn M. Echols a618 hlm :bs ;c15 x 23 cm0 aHassan Shadily aJakarta :bGramedia,c1998 a412 a412 JOH k a979-403-753-2 4aJohn M. Echols a99.4881